000 01103cam a2200229 4500
001 ABS64880
008 011217n2001 000 0 eng u
035 _a(Sirsi) u116018
100 _aCatalano, A.
245 _aDowntown downturn
260 _c2001
490 _aEstates Gazette
_v(0147) 24 November 2001, 61-62(2)
520 _aAnalysis of the central London office market which is experiencing a surge in availability accompanied by falling rents. The 3Q 2001 figures show that total take-up fell by 40% on the previous quarter but 3.5m sq ft flooded onto the market, much of it secondhand. Concludes that the arguably the reality of the market is better than the statistics suggest as the factors such as the vacancy rate are still low by historic standards. With tables of central London offices take ups and availability.
590 _aABS
650 _aOFFICE SPACE
650 _aLONDON OFFICE DATABASE
650 _aOCCUPIERS
650 _aDOCKLANDS
650 _aMANAGEMENT-BUSINESS MANAGEMENT
690 _aPROPERTY-COMMERCIAL PROPERTY-COMMERCIAL PROPERTY MARKET
942 _n0
999 _c69126
_d69126